000 01153nam a2200325 a 4500
001 000111086
003 CHAP
005 20220329144157.0
008 141202s2014 mx fsm |||||||spa d
010 _a107548
011 _a108520
040 _cCHAP
090 _aTesis
100 1 _aGarcía Hernández, Daniel
_9128894
245 1 0 _aDiagnóstico de la situación actual del mezquite (Prosopis laevigata) en la Sierra baja del Estado de Hidalgo
_h[En línea]
_cpor Daniel García Hernández.
260 _aChapingo, Méx. :
_bEl autor,
_c2014.
500 _aPara ver el contenido del material haga clic en la liga
502 _aTesis (Ing. Forestal) -- UACH. División de Ciencias Forestales
590 _aE11695DGD
_b10
_c20141205
_lUCH01
_h0830
590 _aE5995AHE
_b05
_c20141202
_lUCH01
_h1014
590 _aE5995AHE
_b05
_c20141202
_lUCH01
_h1014
650 1 4 _aAserraderos.
_97892
650 1 4 _aCarpintería.
_919288
650 1 4 _aMadera para industrias.
_969664
650 1 4 _aMezquite
_zHidalgo.
_9128895
856 _aFinding aid
_uhttp://10.13.5.2/tesis/sist111086.pdf
_zTeclea aquí
901 _aBK
942 _cTESIS
942 _n0
999 _c107548
_d107548